| 000 | 00629nam a2200217 a 4500 | ||
|---|---|---|---|
| 005 | 20230524064128.0 | ||
| 008 | 991125s1978 mx 000 0 spa u | ||
| 035 | _aUPN01000014986 | ||
| 049 | _aCG | ||
| 050 | 4 |
_aP27 _bC5.3 1978 no.14 |
|
| 100 | 0 |
_aPlatón, _d428?-347 a.C. |
|
| 245 | 1 | 0 |
_aDiálogos socráticos / _cPlatón ; estudio prelim. por Angel Vassallo. |
| 250 | _a12a ed. | ||
| 260 |
_aMéxico : _bCumbre : _bGrolier Internacional, _c1978. |
||
| 300 | _a379 p. | ||
| 440 | 4 |
_aLos clásicos ; _v14 |
|
| 650 | 2 |
_aDiálogos _99720 |
|
| 650 | 4 |
_aFilosofía antigua _96916 |
|
| 650 | 2 |
_aPlatonismo _91169 |
|
| 905 | _aLibro | ||
| 999 |
_c14986 _d14986 |
||